004260000a2200109000450024500910000065000250009165000260011665000240014204100140016610000360018077301000021610aRegional enviromental planning for sustainable development - An example from Andalucia14aJardines botánicos14aDesarrollo sostenible14aDesarrollo regional0 aEspañol1 aHernández Bermejo, J. Esteban1 tProceedings of the 4th International Botanic Gardens Conservation Congress3211q286-291d1993?